Medicina nuclear / (Record no. 31214)

MARC details
000 -LEADER
campo de control de longitud fija 00642nam a2200193 i 4500
001 - NÚMERO DE CONTROL
campo de control 31214
003 - IDENTIFICADOR DE NÚMERO DE CONTROL
campo de control ES-MaACL
005 - FECHA Y HORA DE LA ÚLTIMA TRANSACCIÓN
campo de control 20230906154334.0
007 - CAMPO FIJO DE DESCRIPCIÓN FÍSICA--INFORMACIÓN GENERAL
campo de control de longitud fija t|
008 - DATOS DE LONGITUD FIJA--INFORMACIÓN GENERAL
campo de control de longitud fija 030128s1972 sp ||||1| spa d
100 1# - ENTRADA PRINCIPAL--NOMBRE DE PERSONA
Nombre de persona Behrens, Charles F.
9 (RLIN) 27059
245 10 - MENCIÓN DEL TÍTULO
Título Medicina nuclear /
Mención de responsabilidad, etc. Charles F. Behrens, E. Richard King, James W. J. Carpender ; [versión revisada por Juan R. Zaragoza].
260 ## - PUBLICACIÓN, DISTRIBUCIÓN, ETC.
Lugar de publicación, distribución, etc. Barcelona :
Nombre del editor, distribuidor, etc. Salvat,
Fecha de publicación, distribución, etc. [1972]
300 ## - DESCRIPCIÓN FÍSICA
Extensión XV, 818 p. :
Otras características físicas il. ;
Dimensiones 25 cm.
700 1# - ENTRADA AGREGADA--NOMBRE PERSONAL
Nombre de persona King, Richard.
9 (RLIN) 68066
700 1# - ENTRADA AGREGADA--NOMBRE PERSONAL
Nombre de persona Carpender, James W. J.
9 (RLIN) 35430
700 1# - ENTRADA AGREGADA--NOMBRE PERSONAL
Nombre de persona Zaragoza, Juan Ramón.
9 (RLIN) 118038
852 ## - LOCALIZACIÓN
Ubicación ES-MaACL
Número de control de estantería C-43090
Sublocalización o colección R.82664
Holdings
Estatus retirado Estado de pérdida Estado de daño No para préstamo Biblioteca de origen Biblioteca actual Ubicación en estantería Fecha de adquisición Fuente de adquisición Total de préstamos Signatura topográfica completa Código de barras Visto por última vez Precio de reemplazo Tipo de ítem Koha
        Biblioteca del Ateneo de Madrid Biblioteca del Ateneo de Madrid Depósito 2 17/01/2008     C-43090 1032247 23/02/2023 23/02/2023 Libro impreso